<?xml version="1.0" encoding="UTF-8"?>
<marc:record xmlns:marc="http://www.loc.gov/MARC21/slim">
   <marc:leader>00000nam a2200000 a 4500</marc:leader>
   <marc:datafield ind1="1" ind2=" " tag="100">
      <marc:subfield code="a">Mara, Maddy</marc:subfield>
      <marc:subfield code="4">aut</marc:subfield>
      <marc:subfield code="e">Verfasser/-in</marc:subfield>
   </marc:datafield>
   <marc:datafield ind1=" " ind2=" " tag="653">
      <marc:subfield code="a">bücher wie drachenmeister</marc:subfield>
   </marc:datafield>
   <marc:datafield ind1="0" ind2="0" tag="245">
      <marc:subfield code="a">Dragon Girls ? Mei, der Rubindrache</marc:subfield>
   </marc:datafield>
   <marc:datafield ind1="0" ind2="0" tag="245">
      <marc:subfield code="b">Drachenstarkes Fantasy-Abenteuer ab 7 Jahren</marc:subfield>
   </marc:datafield>
   <marc:datafield ind1=" " ind2="1" tag="264">
      <marc:subfield code="a">München</marc:subfield>
      <marc:subfield code="b">dtv Verlagsgesellschaft</marc:subfield>
      <marc:subfield code="c">2024</marc:subfield>
   </marc:datafield>
   <marc:datafield ind1="1" ind2=" " tag="490">
      <marc:subfield code="a">Dragon Girls</marc:subfield>
      <marc:subfield code="v">4</marc:subfield>
   </marc:datafield>
   <marc:datafield ind1=" " ind2=" " tag="250">
      <marc:subfield code="a">1. Auflage</marc:subfield>
   </marc:datafield>
   <marc:datafield ind1="1" ind2=" " tag="520">
      <marc:subfield code="a">Auftritt für die Schatzdrachen!##Mei ist ein Schatzdrache. Sie nutzt die Kraft des Rubins, um sich in einen mächtigen Drachen zu verwandeln. Zusammen mit ihren Freundinnen Aisha und Quinn soll sie den Zauberwald vor Schaden beschützen. Hierfür muss Mei das uralte und mächtige Waldbuch finden. Seine Seiten bewahren die gesamte Geschichte des Zauberwaldes. Ohne sein wertvolles Wissen ist dieser magische Ort verloren!</marc:subfield>
   </marc:datafield>
   <marc:datafield ind1=" " ind2=" " tag="020">
      <marc:subfield code="a">9783423765251</marc:subfield>
      <marc:subfield code="9">9783423765251</marc:subfield>
   </marc:datafield>
   <marc:datafield ind1=" " ind2=" " tag="041">
      <marc:subfield code="a">ger</marc:subfield>
   </marc:datafield>
   <marc:datafield ind1=" " ind2=" " tag="300">
      <marc:subfield code="a">128 Seiten; 22 cm x</marc:subfield>
   </marc:datafield>
</marc:record>
